Understanding stamp duty land tax (Record no. 104647)

MARC details
000 -LEADER
fixed length control field 01698cam a2200289 4500
001 - CONTROL NUMBER
control field ##L131145
008 - FIXED-LENGTH DATA ELEMENTS--GENERAL INFORMATION
fixed length control field 051004n2006 000 0 eng u
020 ## - INTERNATIONAL STANDARD BOOK NUMBER
International Standard Book Number 1853289825
-- 9781853289828
035 ## - SYSTEM CONTROL NUMBER
System control number (Sirsi) u131145
041 0# - LANGUAGE CODE
Language code of text/sound track or separate title eng
050 04 - LIBRARY OF CONGRESS CALL NUMBER
Classification number 336.22 $2 18
100 1# - MAIN ENTRY--PERSONAL NAME
Personal name Nock, Reg
245 00 - TITLE STATEMENT
Title Understanding stamp duty land tax
250 ## - EDITION STATEMENT
Edition statement 8th ed.
260 ## - PUBLICATION, DISTRIBUTION, ETC.
Place of publication, distribution, etc. London
Name of publisher, distributor, etc. Law Society Publishing
Date of publication, distribution, etc. 2006
300 ## - PHYSICAL DESCRIPTION
Extent xxvii, 324p.
Dimensions 24cm.
350 ## - PRICE (NR) (BK AM CF MU VM SE) [OBSOLETE]
Price 44.95
505 2# - FORMATTED CONTENTS NOTE
Formatted contents note Introduction and general principles -- Chargeable transactions -- Taxable events - effective date -- Computation of tax -- Exemptions and reliefs -- Options and rights of pre-emption -- Exchanges and partitions -- Leases -- Construction, fitting out and other works -- Trusts, wills and intestate estates -- Partnerships -- Corporate transactions -- Liability for the tax -- HMRC powers and enforcement.
520 ## - SUMMARY, ETC.
Summary, etc. Provides a practical guide to Stamp Duty Land Tax, considering the role of the professional in investigation of title, due diligence, valuation and assisting the client in completing the tax return. Also includes detailed notes on completing the forms, conveyancing issues that may affect the timing and amount of tax, practical issues for mortgagees and lenders, illustrations of how to calculate the tax on rent, notes on drafting matters, and indicators and checklists on warranties. Contains tables of cases, statutes and statutory instruments.
520 ## - SUMMARY, ETC.
Summary, etc. Supersedes seventh edition (ISBN 1853288802)
590 ## - LOCAL NOTE (RLIN)
Local note IKA040706
650 24 - SUBJECT ADDED ENTRY--TOPICAL TERM
Topical term or geographic name entry element STAMP DUTY LAND TAX
651 #4 - SUBJECT ADDED ENTRY--GEOGRAPHIC NAME
Geographic name United Kingdom
Chronological subdivision
690 ## - LOCAL SUBJECT ADDED ENTRY--TOPICAL TERM (OCLC, RLIN)
Topical term or geographic name as entry element PROPERTY-PROPERTY TAXATION-STAMP DUTY
942 ## - ADDED ENTRY ELEMENTS (KOHA)
Suppress in OPAC 0
Holdings
Withdrawn status Lost status Source of classification or shelving scheme Damaged status Not for loan Home library Current library Shelving location Date acquired Cost, normal purchase price Total Checkouts Full call number Barcode Date last seen Date last checked out Copy number Cost, replacement price Price effective from Koha item type
    Dewey Decimal Classification     London London Books 20/06/2006 44.95 4 336.22 NOC 30073029 06/08/2019 07/04/2009 1 44.95 06/08/2019 Book